000 00496nam a2200193Ia 4500
003 OSt
005 20221007082825.0
006 a|||||r|||| 00| 0
007 ta
008 221006b |||||||| |||| 00| 0 eng d
024 _a29,488
037 _cDissertations
040 _aFLL
_cFLL
_beng
041 _2eng
_aeng
100 _aBawa Siddharth
_9699570
245 0 _aMarine infurance law in India
_b an evaluation
942 _cDIS
_2CC
999 _c1167862
_d1167862